| 000 | 00761cab a22001935a 4500 | ||
|---|---|---|---|
| 001 | L155058 | ||
| 008 | 120223e20120218xxk 000 0 eng d | ||
| 035 | _a(Sirsi) u155058 | ||
| 041 | 0 | _aeng | |
| 100 | 1 | _aVigus, Emma | |
| 245 | 0 | 0 | _aHope for the future |
| 260 | _c2012 | ||
| 490 |
_aEstates Gazette _v(1207) 18 February 2012, 84-85(2) |
||
| 520 | _aRICS report and three month consultation on Professional Indemnity Insurance (PII). The recommendations which could bring much needed change include opening discussions with the Solicitors Regulations Authority regarding the ethics of legal practices and the option of exploring alternative dispute resolution. | ||
| 590 | _aKA | ||
| 651 | 4 |
_aUnited Kingdom _y |
|
| 690 |
_aValuation _96273 |
||
| 942 | _n0 | ||
| 999 |
_c83799 _d83799 |
||